000 00575nam a2200229Ia 4500
003 OSt
005 20221005131205.0
006 a|||||r|||| 00| 0
007 ta
008 221004b |||||||| |||| 00| 0 tam d
024 _a52535
037 _cTextual
040 _aCRL
_cCRL
_btam
041 _2tam
_atam
082 _aY41(KZ333):1.2, 31N0
100 _aS.S. Shashi
_9639236
245 0 _aShepherds of India
260 _c1990
650 _aSOCIOLOGY
942 _hY41(KZ333):1.2, 31N0
_cTEXL
_2cc
999 _c1059607
_d1059607